000 00672nam a22002057a 4500
005 20251108170042.0
008 250721s1984 xx 000 0 ara d
082 1 4 _aط/ق/عصم
100 1 _aوالي، عصمت
245 1 0 _aالمغامرون الثلاثة في لغز السجين البريء /
264 1 _aالقاهره :
_bدار المعارف،
_c1984.
300 _a100ص : مص
490 0 _aقصص بوليسية للأولاد ؛ 156
650 1 7 _aالأدب العربي
650 1 7 _aالقصص العربيه
650 1 7 _aأدب الاطفال
700 1 _aعبد الباري، عفاف
_eتحرير
942 _2ddc
_cBK
999 _c38486
_d38486